000 00701nam a22002057a 4500
999 _c20233
_d20233
005 20191224042349.0
008 180608b2015 ck o||||q||||o00| 0 spa d
020 _a9789589539613
040 _aCO-BoIAVH
_cCO-BoIAVH
041 _aspa
044 _ack
082 1 4 _a304.25
_bI25p
110 2 _aInstituto de Investigaciones Ambientales del Pacífico
245 1 0 _aPlan integral de cambio climático del Departamento del Chocó:
_b(PICC - Chocó)
260 _aQuibdó:
_bInstituto de Investigaciones Ambientales del Pacífico,
_c2015.
300 _a209 páginas,
_btablas, mapas a color
650 1 4 _aCambio climático
651 _aColombia
_zChocó
942 _2ddc
_cLIBRO